000 00278nam a2200109Ia 4500
005 20251222144907.0
008 251222s9999||||xx |||||||||||||| ||spa||
082 _a352.13/T81
245 0 _aTributación Municipal y Constitución
264 _bDefensoría del Pueblo
942 _cLIB
999 _c22203
_d22203